000 00675cam a2200253 4500
001 4546438
003 OSt
005 20180116183025.0
008 721218t19731972mau 000 1 eng
010 _a 70177542
020 _a0395139376
040 _aDLC
_cDLC
_dDLC
050 0 0 _aPZ3.S4945
_bGr3
_aPS3537.E787
082 0 0 _a813.52 SET 1972
100 1 _aSeton, Anya.
245 1 0 _aGreen Darkness.
260 _aBoston,
_bHoughton Mifflin,
_c1973 [c1972]
300 _axii, 539 p.
_c24 cm.
350 _a$8.95
650 0 _aReformation
_xFiction.
655 7 _aHistorical fiction.
_2gsafd
906 _a7
_bcbc
_corignew
_d2
_encip
_f19
_gy-gencatlg
942 _2ddc
_cBK
999 _c350775
_d350775